Przetłumacz wyspy z angielskiego na polski. - Statystyki

Ogólne statystyki
  • Ten quiz został rozwiązany 168 razy
  • Średni wynik to 10 z 15
Statystyki odpowiedzi
Angielski Polski % Poprawnych
Cyprus Cypr
99%
Cuba Kuba
99%
Sardinia Sardynia
96%
Greenland Grenlandia
95%
New Guinea Nowa Gwinea
95%
Sicily Sycylia
91%
Great Britain Wielka Brytania
91%
Tenerife Teneryfa
85%
Java Jawa
68%
Puerto Rico Portoryko
62%
Kyushu Kiusiu
37%
Oland Olandia
31%
Hainan Hajnan
20%
Euboea Eubea
14%
Sulawesi Celebes
10%
Nie znaleziono quizów pasujących do podanych kryteriów
Rozkład punktacji
Procent ludzi z każdym wynikiem
Percentyl według liczby udzielonych odpowiedzi
Twoja historia wyników
Nie rozwiązałeś tego quizu